MARC details
| 000 -LEADER |
| campo de control de longitud fija |
02546njm a2200493 i 4500 |
| 001 - NÚMERO DE CONTROL |
| campo de control |
195444 |
| 003 - IDENTIFICADOR DE NÚMERO DE CONTROL |
| campo de control |
SpMaBN |
| 005 - FECHA Y HORA DE LA ÚLTIMA TRANSACCIÓN |
| campo de control |
20250625164634.0 |
| 007 - CAMPO FIJO DE DESCRIPCIÓN FÍSICA--INFORMACIÓN GENERAL |
| campo de control de longitud fija |
sd*fsngnnmmned |
| 008 - DATOS DE LONGITUD FIJA--INFORMACIÓN GENERAL |
| campo de control de longitud fija |
240613s2005 sp mun zxx |
| 017 ## - NÚMERO DE COPYRIGHT O DE DEPÓSITO LEGAL |
| Número de copyright o de depósito legal |
GC 264-2005 |
| Agencia que asigna |
Oficina Depósito Legal Gran Canaria |
| 028 00 - NÚMERO DE EDITOR O DISTRIBUIDOR |
| Número de editor o de distribuidor |
DCD/223 |
| 035 ## - NÚMERO DE CONTROL DEL SISTEMA |
| Número de control de sistema |
(OCoLC)966306005 |
| 035 ## - NÚMERO DE CONTROL DEL SISTEMA |
| Número de control de sistema |
a5871743 |
| 040 ## - FUENTE DE CATALOGACIÓN |
| Centro catalogador/agencia de origen |
SpMaBN |
| Lengua de catalogación |
spa |
| Centro/agencia transcriptor |
SpMaBN |
| Normas de descripción |
rdc |
| Centro/agencia modificador |
ES-MaACL |
| 100 1# - ENTRADA PRINCIPAL--NOMBRE DE PERSONA |
| Nombre de persona |
Masarnau, Santiago, |
| Fechas asociadas al nombre |
1805-1882 |
| Número de control del registro de autoridad o número normalizado |
XX1059203 |
| 9 (RLIN) |
78669 |
| 245 10 - MENCIÓN DEL TÍTULO |
| Título |
Aires españoles y piezas expresivas |
| Medio |
[Grabación sonora] / |
| Mención de responsabilidad, etc. |
Santiago de Masarnau. |
| 260 ## - PUBLICACIÓN, DISTRIBUCIÓN, ETC. |
| Lugar de publicación, distribución, etc. |
[Gran Canaria] : |
| Nombre del editor, distribuidor, etc. |
Discan ; |
| Lugar de publicación, distribución, etc. |
[Madrid] |
| Nombre del editor, distribuidor, etc. |
Sociedad Española de Musicología, |
| Fecha de publicación, distribución, etc. |
D.L.2005. |
| 300 ## - DESCRIPCIÓN FÍSICA |
| Extensión |
1 CD (58 min) + |
| Material acompañante/anejo |
1 folleto 8 (17 p.) |
| 336 ## - TIPO DE CONTENIDO |
| Término de tipo de contenido |
Música (interpretada) |
| Fuente |
isbdcontent |
| 337 ## - TIPO DE MEDIO |
| Nombre/término del tipo de medio |
audio |
| Fuente |
isbdmedia |
| 338 ## - TIPO DE SOPORTE |
| Fuente |
rdacarrier |
| Nombre/término del tipo de soporte |
volumen |
| 490 1# - MENCIÓN DE SERIE |
| Mención de serie |
El patrimonio musical hispano ; |
| Designación de volumen o secuencia |
11 |
| 490 1# - MENCIÓN DE SERIE |
| Mención de serie |
Compositores en la Comunidad de Madrid |
| 505 0# - NOTA DE CONTENIDO CON FORMATO |
| Nota de contenido con formato |
Trois airs caracteristiques de danses natonales espagnoles, op. 17 (1837) ; Deus airs característiques, op. 19 ; Jota aragonesa (1837) , Trois morceaux expressifs, op. 18 (1837) ; Une idée fixe, notturno, op. 22 ; Ballade sans parales nº 1 (1845): "Invresemblable mais historique", op. 23 |
| 511 1# - NOTA DE PARTICIPANTES O INTÉRPRETES |
| Nota de participantes o intérpretes |
Ana Vega Toscano, piano |
| 518 ## - NOTA DE FECHA/HORA Y LUGAR DE UN ACONTECIMIENTO |
| Nota de fecha/hora y lugar de un acontecimiento |
Grabación efectuada los dias 2 y 16 de octubre de 2004 en el Aula Magna del Campus de Guajara de la Universidad de La Laguna |
| 597 ## - NOTA DE DESCRIPCIÓN FÍSICA |
| NOTA DE DESCRIPCIÓN FÍSICA |
Folleto con información del autor y su obra; biografía del intérprete |
| 650 #4 - PUNTO DE ACCESO ADICIONAL DE MATERIA--TÉRMINO DE MATERIA |
| Término de materia o nombre geográfico como elemento de entrada |
Piano |
| Fuente del encabezamiento o término |
embne |
| 9 (RLIN) |
15993 |
| 700 ## - ENTRADA AGREGADA--NOMBRE PERSONAL |
| Nombre de persona |
Masarnau, Santiago, |
| Fechas asociadas al nombre |
1805-1882. |
| Título de la obra |
Boleras, tiranas y manchegas, |
| Número de parte o sección de la obra |
op. 17 |
| 9 (RLIN) |
236975 |
| 700 ## - ENTRADA AGREGADA--NOMBRE PERSONAL |
| Nombre de persona |
Masarnau, Santiago, |
| Fechas asociadas al nombre |
1805-1882. |
| Título de la obra |
Polo, zapateado y jota aragonesa, |
| Número de parte o sección de la obra |
op. 19 |
| 9 (RLIN) |
236976 |
| 700 ## - ENTRADA AGREGADA--NOMBRE PERSONAL |
| Nombre de persona |
Masarnau, Santiago, |
| Fechas asociadas al nombre |
1805-1882. |
| Título de la obra |
Trois morceaux expressifs, |
| Número de parte o sección de la obra |
op. 18 |
| 9 (RLIN) |
236977 |
| 700 ## - ENTRADA AGREGADA--NOMBRE PERSONAL |
| Nombre de persona |
Masarnau, Santiago, |
| Fechas asociadas al nombre |
1805-1882. |
| Título de la obra |
Une idée fixe, notturno, |
| Número de parte o sección de la obra |
op. 22 |
| 9 (RLIN) |
236978 |
| 700 ## - ENTRADA AGREGADA--NOMBRE PERSONAL |
| Nombre de persona |
Masarnau, Santiago, |
| Fechas asociadas al nombre |
1805-1882. |
| Título de la obra |
Ballade para piano, Invraisemblable, mais historique, |
| Número de parte o sección de la obra |
op. 23 |
| 9 (RLIN) |
236979 |
| 700 1# - ENTRADA AGREGADA--NOMBRE PERSONAL |
| Nombre de persona |
Vega Toscano, Ana María, |
| Fechas asociadas al nombre |
1959- |
| 9 (RLIN) |
236980 |
| 710 2# - ENTRADA AGREGADA--NOMBRE DE ENTIDAD CORPORATIVA |
| Nombre de entidad corporativa o nombre de jurisdicción como elemento de entrada |
Sociedad Española de Musicología |
| 9 (RLIN) |
236981 |
| 830 ## - PUNTO DE ACCESO ADICIONAL DE SERIE-TÍTULO UNIFORME |
| Título uniforme |
El patrimonio musical hispano ; |
| 9 (RLIN) |
236982 |
| Designación de volumen o secuencia |
11 |
| 830 ## - PUNTO DE ACCESO ADICIONAL DE SERIE-TÍTULO UNIFORME |
| Título uniforme |
Compositores en la Comunidad de Madrid |
| 9 (RLIN) |
236983 |
| 852 ## - LOCALIZACIÓN |
| Ubicación |
ES-MaACL |
| Ubicación en estantería |
Rotativo |
| Número de control de estantería |
ROT 6/3/26 |
| itemnumber |
203503 |
| 852 ## - LOCALIZACIÓN |
| Ubicación |
ES-MaACL |
| Ubicación en estantería |
Depósito folletos |
| itemnumber |
203504 |
| Número de control de estantería |
FOLL.DB-7 |
| 942 ## - ELEMENTOS DE ENTRADA SECUNDARIOS (KOHA) |
| Fuente del sistema de clasificación o colocación |
Clasificación decimal universal |
| Tipo de ítem Koha |
DVD |
| Suprimir en OPAC |
No |